Holiday Quiz

Random Holiday or Blitz Quiz

Chinese Zodiac Animal Legos Quiz Stats

 Plays Quiz Updated Feb 25, 2019

Score 0/12 Timer 01:00
3 Plays Today
Animal Name % Correct
Snake
96.1%
Rabbit
95.6%
Pig
94.7%
Goat
94.1%
Horse
93%
Monkey
92.4%
Tiger
92.3%
Dragon
92.3%
Dog
90.6%
Rooster
87.5%
Ox
84.9%
Rat
77.4%

You're not logged in!

Compare scores with friends on all Sporcle quizzes.
OR
Log In

Show Comments

Extras

Top Quizzes Today


Score Distribution

Your Account Isn't Verified!

In order to create a playlist on Sporcle, you need to verify the email address you used during registration. Go to your Sporcle Settings to finish the process.

Report this User

Report this user for behavior that violates our Community Guidelines.

Details: